000
00283nam a2200109Ia 4500
008
190919s9999||||xx |||||||||||||| ||und||
100
_a
Weihua Zhuang
245
0
_a
Wireless Communications and Networking
260
_a
New York
_b
Tata McGraw Hill
_c
2004
300
_a
529
942
_c
BK
999
_c
11418
_d
11418